000
00280nam a22001217a 4500
041
_a
ENG
100
_a
Choudhary ,S
245
_a
Applied Nanotechnology in Agriculture
260
_a
New Delhi
_b
Agri Pub
_c
2011
300
_a
236
650
_a
Agriculture
856
_u
Agriculture
999
_c
2664
_d
2664